000
00281nam a2200121Ia 4500
005
20251222142027.0
008
251222s9999||||xx |||||||||||||| ||spa||
082
_a
267.2/R88
100
_a
Roy, Joseph Maurice
245
0
_a
El grito de la sangre:
264
_b
Fides
942
_c
LIB
999
_c
10837
_d
10837